00314pam a2200133 a 4500020000500000040001600005041000800021082001600029100002300045245005100068250001100119260004000130300001000170 c aHYDR_500046 aeng a574.87bROB aDe Robertis, E D P aCell and molecular biology.hTextual Documents a8th ed aPhiladelphiabLea and Febigerc1988 a734p.